| 000 | 01170cam a2200313 a 4500 | ||
|---|---|---|---|
| 999 |
_c534183 _d534183 |
||
| 001 | 1085964 | ||
| 003 | NUST | ||
| 005 | 20200207102440.0 | ||
| 008 | 920302s1992 dcu b i000 0 eng | ||
| 010 | _a 92000395 | ||
| 020 | _a0821320920 | ||
| 038 | _aATTA | ||
| 040 |
_aDLC _cDLC _dDLC |
||
| 043 | _ad------ | ||
| 050 | 0 | 0 |
_aHD1131 _b.F37 1992 |
| 082 | 0 | 0 |
_a333.3091724 FAR _220 |
| 100 | 2 |
_aFarvacque-Vitković, Catherine. _928334 |
|
| 245 | 1 | 0 |
_aReforming urban land policies and institutions in developing countries / _cCatherine Farvacque, Patrick McAuslan. |
| 260 |
_aWashington, D.C. : _bWorld Bank, _cc1992. |
||
| 300 |
_axvii, 114 p. ; _c28 cm. |
||
| 490 | 1 |
_aUrban Management Program ; _v5 |
|
| 504 | _aIncludes bibliographical references (p. [107]-114). | ||
| 650 | 0 |
_aLand use _xGovernment policy _zDeveloping countries. _919889 |
|
| 700 | 1 |
_aMcAuslan, Patrick. _928335 |
|
| 830 | 0 |
_aUrban Management Program (Series) ; _v5. _928336 |
|
| 906 |
_a7 _bcbc _corignew _d1 _eocip _f19 _gy-gencatlg |
||
| 942 |
_2ddc _cBK |
||